000
00243nam a22000977a 4500
008
250818b |||||||| |||| 00| 0 eng d
020
_a
9781569319314
100
_a
Toriama Akira
_9
7848
245
_a
Dragon Ball-2
260
_a
USA
_b
Shonen Jump
_c
2023
999
_c
12803
_d
12803